[Event "POR-ch U16"]
[Site "Torres Vedras"]
[Date "2012.03.28"]
[Round "5.2"]
[White "Goncalves, David Luis Lopes"]
[Black "Oliveira, Maria Ines"]
[Result "0-1"]
[WhiteElo "1494"]
[BlackElo "1932"]
[PlyCount "116"]
[EventDate "2012.03.25"]
[EventType "swiss"]
[EventRounds "7"]
[EventCountry "POR"]
[SourceTitle "EXT 2015"]
[Source "ChessBase"]
[SourceDate "2014.11.20"]
[SourceVersion "1"]
[SourceVersionDate "2014.11.20"]
[SourceQuality "1"]

1. d4 Nf6 2. c4 g6 3. Nc3 Bg7 4. e4 d6 5. Be3 0-0 6. Bd3 Ng4 7. Qd2 c5 8. Nge2 Nxe3 9. Qxe3 cxd4 10. Nxd4 Qb6 11. Nb3 Qxe3+ 12. fxe3 Bxc3+ 13. bxc3 Nd7 14. Rb1 Ne5 15. Be2 b6 16. h3 Be6 17. 0-0 Bxc4 18. Bxc4 Nxc4 19. Rf3 Rac8 20. Rc1 Rc7 21. Nd4 Nd2 22. Rf2 Nxe4 23. Rfc2 a6 24. Nb3 Rfc8 25. c4 d5 26. Nd2 Nxd2 27. Rxd2 dxc4 28. a4 c3 29. Rd4 Rc4 30. Rd7 Rxa4 31. Rxe7 c2 32. Kf2 Rac4 33. Ra7 a5 34. Rb7 R4c6 35. Ke2 R8c7 36. Rb8+ Kg7 37. Kd3 Rd7+ 38. Ke2 a4 39. Ra8 b5 40. Ra5 Rc5 41. g3 Kf6 42. Ra6+ Ke5 43. Ra8 h5 44. h4 Kf5 45. Ra6 Kg4 46. Rf6 a3 47. Rf4+ Kh3 48. Rf2 Rd1 49. Rxd1 cxd1Q+ 50. Kxd1 Kxg3 51. Rxf7 b4 52. Ra7 b3 53. Rxa3 b2 54. Rb3 Rc1+ 55. Kd2 b1Q 56. Rxb1 Rxb1 57. Kd3 Kxh4 58. e4 Kg5 0-1

[Event "POR-ch U16"]
[Site "Torres Vedras"]
[Date "2012.03.26"]
[Round "3.5"]
[White "Goncalves, David Luis Lopes"]
[Black "Leao, Tiago Miguel da S"]
[Result "1-0"]
[WhiteElo "1494"]
[BlackElo "1735"]
[PlyCount "99"]
[EventDate "2012.03.25"]
[EventType "swiss"]
[EventRounds "7"]
[EventCountry "POR"]
[SourceTitle "EXT 2015"]
[Source "ChessBase"]
[SourceDate "2014.11.20"]
[SourceVersion "1"]
[SourceVersionDate "2014.11.20"]
[SourceQuality "1"]

1. d4 Nf6 2. c4 g6 3. Nc3 Bg7 4. Nf3 0-0 5. e4 d6 6. Be2 Nbd7 7. 0-0 e5 8. Be3 Re8 9. d5 Nc5 10. Bxc5 dxc5 11. h3 Nh5 12. Nd2 Nf4 13. Nf3 f5 14. Qd2 Qf6 15. Qc2 g5 16. Bd3 g4 17. hxg4 fxg4 18. Nh2 Rf8 19. Ne2 h5 20. Nxf4 Qxf4 21. g3 Qg5 22. Qc1 Qf6 23. Be2 Qg6 24. Qe3 b6 25. Rad1 Bh6 26. Qd3 Bb7 27. b3 Rf6 28. Rde1 Raf8 29. Bd1 Bc8 30. Qc3 Qg5 31. Qe3 Qg6 32. Qe2 Qg7 33. a3 Rg6 34. Qd3 Rgf6 35. b4 Qg6 36. bxc5 bxc5 37. Qc3 Qg5 38. Qe3 Qg7 39. Qxc5 h4 40. Qxa7 hxg3 41. fxg3 Bd2 42. Rxf6 Qxf6 43. Rf1 Qb6+ 44. Qxb6 cxb6 45. Rxf8+ Kxf8 46. Bxg4 Ba6 47. Be2 Be3+ 48. Kf1 Ke7 49. Nf3 Kd6 50. c5+ 1-0

[Event "FRA-chT4 1011"]
[Site "Champagne Ardenne"]
[Date "2011.03.20"]
[Round "6"]
[White "Waczecka, Jerome"]
[Black "Goncalves, David Luis Lopes"]
[Result "1-0"]
[WhiteElo "1740"]
[BlackElo "1763"]
[PlyCount "71"]
[EventDate "2010.10.10"]
[EventType "team-tourn"]
[EventRounds "7"]
[EventCountry "FRA"]
[SourceTitle "EXT 2024"]
[Source "ChessBase"]
[SourceDate "2023.10.10"]
[SourceVersion "1"]
[SourceVersionDate "2023.10.10"]
[SourceQuality "1"]

1. d4 e6 2. Nf3 Nf6 3. Bg5 Bb4+ 4. c3 Be7 5. Nbd2 b6 6. e4 Bb7 7. Bd3 Ng4 8. Bf4 Nf6 9. 0-0 d6 10. Qe2 c5 11. Rac1 h6 12. h3 a6 13. dxc5 bxc5 14. Rfd1 Nh7 15. Nc4 e5 16. Ncxe5 0-0 17. Bb1 Ng5 18. Nxg5 hxg5 19. Bg3 g6 20. Nc4 Bc8 21. Nxd6 Qb6 22. Nxc8 Rxc8 23. e5 Qe6 24. Be4 Ra7 25. Bd5 Qb6 26. Qe4 Kg7 27. e6 f6 28. Bb3 Rd8 29. Rxd8 Qxd8 30. Rd1 Qc8 31. Bxb8 Qxb8 32. Rd7 Rxd7 33. exd7 Qf8 34. Qc6 Bd6 35. Qc8 Qe7 36. d8Q 1-0

[Event "FRA-chT4 1011"]
[Site "Champagne Ardenne"]
[Date "2011.02.06"]
[Round "5.4"]
[White "Goncalves, David Luis Lopes"]
[Black "Hanot, Wilfried"]
[Result "1/2-1/2"]
[WhiteElo "1740"]
[BlackElo "1872"]
[PlyCount "106"]
[EventDate "2010.10.10"]
[EventType "team-tourn"]
[EventRounds "7"]
[EventCountry "FRA"]
[SourceTitle "EXT 2024"]
[Source "ChessBase"]
[SourceDate "2023.10.10"]
[SourceVersion "1"]
[SourceVersionDate "2023.10.10"]
[SourceQuality "1"]

1. f4 d5 2. b3 c6 3. e3 Nf6 4. Nf3 Bf5 5. Bb2 Nbd7 6. Be2 e6 7. d3 Qb6 8. Nd4 Bg6 9. 0-0 Bd6 10. Nd2 0-0 11. a4 Rfe8 12. a5 Qc7 13. N4f3 e5 14. Nh4 exf4 15. exf4 Bxf4 16. Ndf3 Ng4 17. h3 Ne3 18. Qb1 Nxf1 19. Kxf1 Bg3 20. Bd4 Qf4 21. Nxg6 hxg6 22. Ra4 Qf5 23. Qb2 f6 24. Qc3 Re6 25. Bf2 Bxf2 26. Kxf2 g5 27. Qb4 Rae8 28. Bd1 R6e7 29. Qd2 Ne5 30. g4 Nxf3 31. Bxf3 Re2+ 32. Qxe2 Rxe2+ 33. Kxe2 Qe5+ 34. Kd2 Qh2+ 35. Be2 Qxh3 36. Rb4 Qg3 37. Rxb7 Qf2 38. b4 Qf4+ 39. Kd1 Qd4 40. Kd2 g6 41. c3 Qf2 42. d4 Qf4+ 43. Kd1 Qe3 44. Rxa7 Qxc3 45. Rb7 Qxd4+ 46. Ke1 Qc3+ 47. Kf2 d4 48. a6 Qe3+ 49. Kf1 d3 50. Bd1 Qc1 51. Ke1 Qc3+ 52. Kf1 Qa1 53. Ke1 Qxa6 1/2-1/2

[Event "FRA-chT4 1011"]
[Site "Champagne Ardenne"]
[Date "2010.10.17"]
[Round "1"]
[White "Parisot, Anthony"]
[Black "Goncalves, David Luis Lopes"]
[Result "1/2-1/2"]
[WhiteElo "1662"]
[BlackElo "1740"]
[PlyCount "108"]
[EventDate "2010.10.10"]
[EventType "team-tourn"]
[EventRounds "7"]
[EventCountry "FRA"]
[SourceTitle "EXT 2024"]
[Source "ChessBase"]
[SourceDate "2023.10.10"]
[SourceVersion "1"]
[SourceVersionDate "2023.10.10"]
[SourceQuality "1"]

1. Nf3 d5 2. d4 Nc6 3. c4 Bf5 4. cxd5 Qxd5 5. Nc3 Qd8 6. e4 Bg4 7. d5 Ne5 8. Qa4+ Bd7 9. Bb5 Nxf3+ 10. gxf3 a6 11. Bxd7+ Qxd7 12. Be3 Qxa4 13. Nxa4 e6 14. dxe6 Bb4+ 15. Ke2 fxe6 16. Rhd1 Nf6 17. Rd3 0-0 18. Rad1 b6 19. a3 Bd6 20. Nxb6 Rab8 21. Nc4 Bxh2 22. b4 e5 23. Rh1 Bf4 24. Bxf4 exf4 25. Rhd1 Rfe8 26. Kf1 Kf7 27. Na5 g5 28. Nc6 Rb6 29. Nd4 g4 30. fxg4 Nxg4 31. Re1 Rh6 32. Nf3 Rh1+ 33. Ng1 Ne5 34. Rh3 Rxh3 35. Nxh3 f3 36. Rc1 Re7 37. Rc3 Kg6 38. Nf4+ Kg5 39. Nd5 Re6 40. Nxc7 Rh6 41. Ke1 Kf4 42. Kd2 Rh2 43. Ne6+ Kxe4 44. Ng5+ Kf5 45. Rc5 Kxg5 46. Rxe5+ Kf4 47. Re8 Rxf2+ 48. Ke1 Re2+ 49. Rxe2 fxe2 50. Kxe2 Ke4 51. a4 Kd4 52. b5 axb5 53. axb5 Kc5 54. Kf3 Kxb5 1/2-1/2